Tendencie rozvoja klasických dimenzií marketingu
Vývoj marketingu so zámerom identifikácie aktuálnych dimenzií smerovania jeho rozvoja v súčasnosti, z pohľadu marketingovej teórie i praxe. Tendencie rozvoja klasických dimenzií marketingu. Budovanie firemného imidžu, hľadanie nových prvkov komunikácie, prispôsobovanie sa globalizácii trhového pries...
Guardado en:
| Autor principal: | |
|---|---|
| Otros Autores: | |
| Formato: | Capítulo de libro |
| Lenguaje: | eslovaco |
| Materias: | |
| Etiquetas: |
Sin Etiquetas, Sea el primero en etiquetar este registro!
|
MARC
| LEADER | 00000naa$a2200000$$$4500 | ||
|---|---|---|---|
| 001 | 0015733 | ||
| 005 | 20240502071402.4 | ||
| 041 | 0 | |a slo | |
| 044 | |a SK | ||
| 245 | 1 | 0 | |a Tendencie rozvoja klasických dimenzií marketingu |c Štefan Majtán, Katarína Grančičová |
| 520 | |a Vývoj marketingu so zámerom identifikácie aktuálnych dimenzií smerovania jeho rozvoja v súčasnosti, z pohľadu marketingovej teórie i praxe. Tendencie rozvoja klasických dimenzií marketingu. Budovanie firemného imidžu, hľadanie nových prvkov komunikácie, prispôsobovanie sa globalizácii trhového priestoru, sledovanie hodnotových reťazcov vo väzbe na cenu. | ||
| 610 | 2 | 0 | |a marketing |
| 610 | 2 | 0 | |a vývoj |
| 610 | 2 | 0 | |a imidž |
| 610 | 2 | 0 | |a komunikácia marketingová |
| 610 | 2 | 0 | |a podpora predaja |
| 100 | 1 | |a Majtán, Štefan | |
| 700 | 1 | |a Grančičová, Katarína, 1967- | |